Modern American English

সংরক্ষণ করুন:
গ্রন্থ-পঞ্জীর বিবরন
প্রধান লেখক: Dixon, Robert J
বিন্যাস: গ্রন্থ
ভাষা:Undetermined
প্রকাশিত: New York Regents 1962
বিষয়গুলি:
ট্যাগগুলো: ট্যাগ যুক্ত করুন
কোনো ট্যাগ নেই, প্রথমজন হিসাবে ট্যাগ করুন!
Thư viện lưu trữ: Trung tâm Học liệu Trường Đại học Cần Thơ
LEADER 00498nam a2200193Ia 4500
001 CTU_26071
008 210402s9999 xx 000 0 und d
082 |a 420 
082 |b D619/T.4 
100 |a Dixon, Robert J 
245 0 |a Modern American English 
245 0 |c Robert J Dixon 
260 |a New York 
260 |b Regents 
260 |c 1962 
650 |a English language 
650 |x Study and teaching 
904 |i Lan, 981007 
980 |a Trung tâm Học liệu Trường Đại học Cần Thơ